The Friendship centre : Gaibandha, Bangladesh /

Bibliographic Details
Main Author: Frampton, Kenneth (Author)
Other Authors: Chowdhury, Kashef, Binet, Hélène (Photographer)
Format: Book
Language:English
Published: Zurich : Park Books, [2016]
Subjects:
Classic Catalogue: View this record in Classic Catalogue
LEADER 01764nam a22003735i 4500
001 44519
003 BD-DhAAL
005 20251120102730.0
008 250804t2016 sz ae 000 0 eng d
010 |a  2016383727 
020 |a 9783038600213 
035 |a 19227899 
040 |a DLC  |b eng  |c DLC  |e rda  |d BD-DhAAL 
042 |a pcc 
043 |a a-bg--- 
050 0 0 |a NA1510.C56  |b A64 2016 
082 |a 727.095492  |2 23 
100 1 |a Chowdhury, Kashef,  |e architect. 
245 1 4 |a The Friendship centre :  |b Gaibandha, Bangladesh /  |c essay by Kenneth Frampton ; photographs by Hélène Binet. 
246 3 |a The friendship centre, Gaibandha, Bangladesh 
264 1 |a Zurich :  |b Park Books,  |c [2016] 
300 |a 112 pages :  |b chiefly illustrations (chiefly color), plans ;  |c 30 cm 
526 |a ARC  |x Saiqa Iqbal Meghna Assistant Professor Department of Architecture BRAC University Course Name : Design V (ARC 301) to Design X (ARC 503) Type : Reference book for studio tutors. 
541 |a URBANA  |e 44519 
600 1 0 |a Chowdhury, Kashef. 
650 0 |a Architecture  |z Bangladesh  |z Gaibandha  |y 21st century.  |9 58960 
650 0 |a Gaibandha (Bangladesh)  |x Buildings, structures, etc.  |9 58961 
700 1 2 |a Chowdhury, Kashef.  |t Works.  |k Selections.  |9 58962 
700 1 |a Frampton, Kenneth,  |e author. 
700 1 |a Binet, Hélène,  |e photographer. 
852 |a Ayesha Abed Library 
942 |2 ddc  |c BK 
999 |c 47369  |d 47369 
952 |0 0  |1 0  |2 ddc  |4 0  |6 727_095492000000000_CHO  |7 0  |9 77977  |a BRACUL  |b BRACUL  |c GEN  |d 2025-08-03  |e URBANA  |g 2000.00  |l 0  |o 727.095492 CHO  |p 3010044519  |r 2025-08-03  |t 1  |v 4000.00  |w 2025-08-03  |y BK  |x Requisitioned by Saiqa Iqbal Meghna (Assistant Professor, Department of Architecture, BRAC University) for the course named- "Design V (ARC 301) to Design X (ARC 503)".